000 005250000a22001930004500
020 _a84-01-44061-0
041 0 _aSPA
082 0 4 _aG 302.4 M8751z
100 1 _aMorris, Desmond
245 1 0 _aEl zoo humano / Desmond Morris ; Adolfo Martin, Traductor
260 _aBarcelona, España : Plaza y Janés
300 _a203 Pag
500 _aTitulo original : The human zoo
001 9333
942 _cBK
999 _c39375
_d39375
336 _atexto
_btxt
_2rdacontent
337 _2rdamedia
_asin mediación
_bn
338 _2rdacarrier
_avolumen
_bnc